The Origin of Species : By Means of Natural Selection /
Great Books of the Western World es una colección que reúne en 54 volúmenes las obras más representativas del pensamiento occidental, desde la antigüedad clásica hasta inicios del siglo XX. Los primeros tres volúmenes plantean una introducción general y las ideas claves en orden alfabético que atrav...
Збережено в:
| Автор: | |
|---|---|
| Інші автори: | |
| Формат: | Книга |
| Мова: | Англійська |
| Опубліковано: |
Chicago, EUA :
Encyclopaedia Britannica,
1984, c1952
|
| Серія: | (Great Books of the Western World ;
49) |
| Предмети: | |
| Теги: |
Немає тегів, Будьте першим, хто поставить тег для цього запису!
|
MARC
| LEADER | 00000nam^a2200000^a^4500 | ||
|---|---|---|---|
| 001 | 000147708 | ||
| 005 | 20250521000000.0 | ||
| 009 | 20260310095958.262 | ||
| 020 | |a 0-85229-163-9 | ||
| 037 | |a Acervo ITESO - Biblioteca | ||
| 041 | |a ING | ||
| 082 | |a 808. 8 |b GRE V. 49 | ||
| 100 | |a Darwin, Charles R. |e (autor) | ||
| 240 | 1 | 4 | |a [El origen de las especies] |
| 245 | 1 | 4 | |a The Origin of Species : |b By Means of Natural Selection / |c C.R. Darwin ; ed. general de R.M. Hutchins. |
| 264 | 4 | |a Chicago, EUA : |b Encyclopaedia Britannica, |c 1984, c1952 | |
| 300 | |a X, 659 p. | ||
| 336 | |a texto |b txt |2 rdacontenido | ||
| 337 | |a sin mediación |b n |2 rdamedio | ||
| 338 | |a volumen |b nc |2 rdasoporte | ||
| 440 | 1 | |a (Great Books of the Western World ; |v 49) | |
| 520 | |a Great Books of the Western World es una colección que reúne en 54 volúmenes las obras más representativas del pensamiento occidental, desde la antigüedad clásica hasta inicios del siglo XX. Los primeros tres volúmenes plantean una introducción general y las ideas claves en orden alfabético que atraviesan el conjunto de las obras. | ||
| 649 | |a XX | ||
| 650 | |a Evolución - |x Teoría | ||
| 650 | |a Genética | ||
| 650 | |a Herencia (Biología) | ||
| 650 | |a Selección Natural | ||
| 650 | |a Origen de las Especies | ||
| 650 | |a Hombre - |x Origen | ||
| 650 | |a Biología | ||
| 740 | 4 | |a The Descent of Man : |b And Selection in Relation to Sex / |c C.R. Darwin ; ed. general de R.M. Hutchins. | |
| 700 | |a Hutchins, Robert Maynard |e (edición general) | ||
| 910 | |a Fondo General | ||
| 920 | |a Impresos - Libros | ||
| 930 | |a Colección General | ||
| 940 | |a Literatura | ||
| 905 | |a 101 | ||
| 901 | |a 0500077116 |b IT1 |c LIT |u 20250521 | ||
| 902 | |a https://opac.biblio.iteso.mx/vufind/Record/000147708 | ||